<?xml version="1.0" encoding="UTF-8"?>
<collection xmlns="http://www.loc.gov/MARC21/slim">
 <record>
  <leader>01602nam a2200361 a 4500</leader>
  <controlfield tag="001">000000247</controlfield>
  <controlfield tag="005">20080211132510.0</controlfield>
  <controlfield tag="008">050727s1744    xo     e            lat  </controlfield>
  <datafield tag="FMT" ind1=" " ind2=" "/>
  <datafield tag="040" ind1=" " ind2=" ">
   <subfield code="a">SVKKK</subfield>
   <subfield code="b">slo</subfield>
   <subfield code="c">SVKKK</subfield>
   <subfield code="e">AACR2</subfield>
  </datafield>
  <datafield tag="041" ind1="0" ind2=" ">
   <subfield code="a">lat</subfield>
  </datafield>
  <datafield tag="044" ind1=" " ind2=" ">
   <subfield code="a">xo</subfield>
   <subfield code="c">SK</subfield>
  </datafield>
  <datafield tag="080" ind1=" " ind2=" ">
   <subfield code="a">248</subfield>
  </datafield>
  <datafield tag="100" ind1="1" ind2=" ">
   <subfield code="a">Tomáš Kempenský,</subfield>
   <subfield code="d">1379/1380-1471.</subfield>
   <subfield code="4">aut</subfield>
  </datafield>
  <datafield tag="245" ind1="1" ind2="0">
   <subfield code="a">Viatoris Christiani, :</subfield>
   <subfield code="b">Pars Altera, in qua Thomae De Kempis Soliloquium Animae. Vallis Liliorum. De tribus Tabernaculis. Gemitus, &amp; suspiria animae poenitentis, seu de Vera Compunctione Cordis. Cohortatio ad Spiritualem profectum.</subfield>
  </datafield>
  <datafield tag="260" ind1=" " ind2=" ">
   <subfield code="a">Tyrnaviae :</subfield>
   <subfield code="b">Typis Academicis Societatis Jesu,</subfield>
   <subfield code="c">1744.</subfield>
  </datafield>
  <datafield tag="300" ind1=" " ind2=" ">
   <subfield code="a">418,[7] s. A/12-R/12,S/6,T/2 [=212] list. :</subfield>
   <subfield code="b">4 ilustr. ;</subfield>
   <subfield code="c">12°. 14x8 cm.</subfield>
  </datafield>
  <datafield tag="500" ind1=" " ind2=" ">
   <subfield code="a">Vinety ornam.-fig., vineta ornam., inic. s ornam. pozadím v rámčeku na 4 r., verz. vo voľ. priestore na 2, 3 r., 4 celostr. ilustrácie - medirytiny s bibl. motívom, tlač. marginálie v lat. jaz., typograf. ozdoby, kustódy.</subfield>
  </datafield>
  <datafield tag="508" ind1=" " ind2=" ">
   <subfield code="a">Na zl. A/2-A/3 nesignov. úvod.</subfield>
  </datafield>
  <datafield tag="510" ind1="4" ind2=" ">
   <subfield code="a">Petrik II/361; Hanakovič III/1326; Pumprla I/304.</subfield>
  </datafield>
  <datafield tag="501" ind1=" " ind2=" ">
   <subfield code="a">Prív. 1. k: KEMPENSKÝ, T.: Viator Christianus. Tyrnaviae 1744. 12°.</subfield>
  </datafield>
  <datafield tag="653" ind1="1" ind2=" ">
   <subfield code="a">teológia</subfield>
  </datafield>
  <datafield tag="653" ind1="1" ind2=" ">
   <subfield code="a">asketická teológia</subfield>
  </datafield>
  <datafield tag="653" ind1="1" ind2=" ">
   <subfield code="a">rozjímania</subfield>
  </datafield>
  <datafield tag="710" ind1="0" ind2=" ">
   <subfield code="a">Akademická tlačiareň</subfield>
   <subfield code="c">Trnava</subfield>
   <subfield code="d">1648-1773</subfield>
   <subfield code="4">prt</subfield>
  </datafield>
  <datafield tag="752" ind1=" " ind2=" ">
   <subfield code="a">Slovensko</subfield>
   <subfield code="d">Trnava</subfield>
  </datafield>
  <datafield tag="852" ind1=" " ind2=" ">
   <subfield code="p">B 337a prív. 1. PA</subfield>
  </datafield>
  <datafield tag="904" ind1=" " ind2=" ">
   <subfield code="a">acf-a---eaa------yyyb-1001--</subfield>
  </datafield>
  <datafield tag="905" ind1=" " ind2=" ">
   <subfield code="a">bf-a1bb-</subfield>
  </datafield>
  <datafield tag="910" ind1=" " ind2=" ">
   <subfield code="a">svkkk</subfield>
  </datafield>
  <datafield tag="998" ind1=" " ind2=" ">
   <subfield code="a">TRNTL</subfield>
  </datafield>
  <datafield tag="BAS" ind1=" " ind2=" "/>
  <datafield tag="LKR" ind1=" " ind2=" ">
   <subfield code="a">UP</subfield>
   <subfield code="b">246</subfield>
   <subfield code="l">HIS01</subfield>
   <subfield code="n">Viator Christianus</subfield>
   <subfield code="m">Viatoris Christiani, Pars Altera</subfield>
  </datafield>
 </record>
</collection>
